Investičné riziko ako súčasť investičného rozhodovania v hotelierstve

Rast významu investícií a investičného rozhodovania v hotelierstve je priamo úmerný rastúcemu dopytu návštevníkov po produktoch, na ktorých tvorbu sa investície použijú. Štruktúrovaný dotazník pre vybrané slovenské a americké hotely. Materiál a metodika. Výsledky a diskusia. Praktická analýza proces...

Celý popis

Uložené v:
Podrobná bibliografia
Hlavný autor: Janovská, Miriam
Médium: Kapitola
Jazyk:Slovak
Predmet:
Tagy: Pridať tag
Žiadne tagy, Buďte prvý, kto otaguje tento záznam!

MARC

LEADER 00000naa$a2200000$$$4500
001 0059983
005 20231107131841.2
041 0 |a slo 
044 |a SK 
245 1 0 |a Investičné riziko ako súčasť investičného rozhodovania v hotelierstve  |c Miriam Janovská 
520 |a Rast významu investícií a investičného rozhodovania v hotelierstve je priamo úmerný rastúcemu dopytu návštevníkov po produktoch, na ktorých tvorbu sa investície použijú. Štruktúrovaný dotazník pre vybrané slovenské a americké hotely. Materiál a metodika. Výsledky a diskusia. Praktická analýza procesu investičného rozhodovania vo vzťahu k investičnému riziku v hotelierstve. Súhrn. 
610 2 0 |a investície 
610 2 0 |a rozhodovanie investičné 
610 2 0 |a riziko 
610 2 0 |a hotelierstvo 
610 2 0 |a hotely 
610 2 0 |a dotazníky 
100 1 |a Janovská, Miriam